| 000 | 02567cam a2200409 4500500 | ||
|---|---|---|---|
| 005 | 20251228074012.0 | ||
| 041 | _afre | ||
| 042 | _adc | ||
| 100 | 1 | 0 |
_aCampos, Rémy _eauthor |
| 245 | 0 | 0 | _aLa description archéologique : une pratique savante oubliée (1880-1914) |
| 260 | _c2020. | ||
| 500 | _a88 | ||
| 520 | _aDans les années 1880-1910, la description archéologique est une pratique courante sur les sites de fouilles, chez les savants ou pendant la visite des musées. Cet article, qui envisage le cas des préhistoriens français, analyse les formes prises par la description au cours des différentes étapes du travail savant : topographies, lexiques, commentaires d’images, analogies, guides présentant les collections d’objets. L’étude envisage aussi bien les pratiques normalisées promues par la Société préhistorique de France que les manières de faire plus libres de la plupart des archéologues, à partir d’exemples concrets pris dans des manuels et des monographies ainsi que dans les principales revues archéologiques. | ||
| 520 | _aDuring the years 1880-1910, archaeological description was a common practice on excavation sites, among scholars or during visits to museums. This article, which considers the case of French prehistorians, analyses the forms taken by description during the different stages of scholarly work: topographies, lexicons, pictures’ commentaries, analogies, guides presenting collections of objects. The study considers both the standard practices promoted by the Société préhistorique de France as well as the freer ways of working of most archaeologists, based on concrete examples taken from manuals and monographs as well as from the main archaeological journals. | ||
| 690 | _aAnalogie | ||
| 690 | _aDescription | ||
| 690 | _aLexique archéologique | ||
| 690 | _aMuséographie | ||
| 690 | _aPanoplie | ||
| 690 | _aPhotographie scientifique | ||
| 690 | _aPratiques savantes | ||
| 690 | _aPréhistoriens français | ||
| 690 | _aReconstitution | ||
| 690 | _aTopographie | ||
| 690 | _aAnalogy | ||
| 690 | _aArchaeological lexicon | ||
| 690 | _aDescription | ||
| 690 | _aFrench prehistorians | ||
| 690 | _aMuseography | ||
| 690 | _aPanoply | ||
| 690 | _aReenactment | ||
| 690 | _aScholarly practices | ||
| 690 | _aScientific photography | ||
| 690 | _aTopography | ||
| 786 | 0 | _nRevue archéologique | 70 | 2 | 2020-09-30 | p. 231-261 | 0035-0737 | |
| 856 | 4 | 1 | _uhttps://shs.cairn.info/revue-archeologique-2020-2-page-231?lang=fr&redirect-ssocas=7080 |
| 999 |
_c1596626 _d1596626 |
||